<?xml version="1.0" encoding="UTF-8"?>
<record
    xmlns:xsi="http://www.w3.org/2001/XMLSchema-instance"
    xsi:schemaLocation="http://www.loc.gov/MARC21/slim http://www.loc.gov/standards/marcxml/schema/MARC21slim.xsd"
    xmlns="http://www.loc.gov/MARC21/slim">

  <leader>03885nam a2200361Ii 4500</leader>
  <controlfield tag="001">DIGANT0119</controlfield>
  <controlfield tag="003">NyNyDIG</controlfield>
  <controlfield tag="006">m     o  d        </controlfield>
  <controlfield tag="007">cr |||||||||||</controlfield>
  <controlfield tag="008">120901s2012    sp      o     000 0 spa d</controlfield>
  <datafield tag="020" ind1=" " ind2=" ">
    <subfield code="z">9788415260226</subfield>
  </datafield>
  <datafield tag="020" ind1=" " ind2=" ">
    <subfield code="z">8415260229</subfield>
  </datafield>
  <datafield tag="035" ind1=" " ind2=" ">
    <subfield code="a">(OCoLC)888253248</subfield>
  </datafield>
  <datafield tag="040" ind1=" " ind2=" ">
    <subfield code="a">DGITA</subfield>
    <subfield code="b">eng</subfield>
    <subfield code="e">pn</subfield>
    <subfield code="c">DGITA</subfield>
  </datafield>
  <datafield tag="050" ind1="1" ind2="4">
    <subfield code="a">B2430.M38 eBook</subfield>
  </datafield>
  <datafield tag="245" ind1="0" ind2="0">
    <subfield code="a">Merleau-Ponty viviente /</subfield>
    <subfield code="c">Mario Teodoro Ram&#xED;rez (ccoord).</subfield>
  </datafield>
  <datafield tag="250" ind1=" " ind2=" ">
    <subfield code="a">1. ed.</subfield>
  </datafield>
  <datafield tag="264" ind1=" " ind2="1">
    <subfield code="a">Rub&#xED;, Barcelona :</subfield>
    <subfield code="b">Anthropos Editorial,</subfield>
    <subfield code="c">2012.</subfield>
  </datafield>
  <datafield tag="300" ind1=" " ind2=" ">
    <subfield code="a">1 online resource (576 pages)</subfield>
  </datafield>
  <datafield tag="336" ind1=" " ind2=" ">
    <subfield code="a">text</subfield>
    <subfield code="b">txt</subfield>
    <subfield code="2">rdacontent</subfield>
  </datafield>
  <datafield tag="337" ind1=" " ind2=" ">
    <subfield code="a">computer</subfield>
    <subfield code="b">c</subfield>
    <subfield code="2">rdamedia</subfield>
  </datafield>
  <datafield tag="338" ind1=" " ind2=" ">
    <subfield code="a">online resource</subfield>
    <subfield code="b">cr</subfield>
    <subfield code="2">rdacarrier</subfield>
  </datafield>
  <datafield tag="490" ind1="1" ind2=" ">
    <subfield code="a">Autores, textos y temas. Filosof&#xED;a ;</subfield>
    <subfield code="v">85</subfield>
  </datafield>
  <datafield tag="505" ind1="0" ind2=" ">
    <subfield code="a">Pr&#xF3;logo / Mario Teodoro Ram&#xED;rez  -- Superposici&#xF3;n y deseo. La conferencia de M&#xE9;xico sobre el Otro / Emmanuel de Saint Aubert  -- Merleau-Ponty: fil&#xF3;sofo de la alteridad / Emmanuel Ferreira -- La ambig&#xFC;edad insuperable de la condici&#xF3;n humana (La lectura de Merleau-Ponty por el joven Emilio Uranga) / Jaime Vieyra -- Intercorporeidad viviente en Merleau-Ponty: el mestizaje como experiencia bio-fenomenol&#xF3;gica / Carlos Axel Flores Valdovinos -- Las ideas sensibles, entre vida y filosof&#xED;a / Mauro Carbone -- El sentido de la construcci&#xF3;n en la fenomenolog&#xED;a de Merleau-Ponty / Roberto J. Walton -- La carne, diacr&#xED;tico encarnado / Emmanuel Alloa -- La sombra de la subjetividad: el horizonte de la aparici&#xF3;n y la g&#xE9;nesis del sentido / Luis &#xC1;lvarez Falc&#xF3;n -- Merleau-Ponty, Whitehead y Russell sobre la monadolog&#xED;a y el problema de los particulares / Pierre Cassou-Nogu&#xE8;s -- Los objetos dentro del cuerpo seg&#xFA;n los papeles de Dorion Cairns / Lester Embree -- Apuntes preliminares para una fenomenolog&#xED;a del cuerpo en Edith Stein y Maurice Merleau-Ponty / Eduardo Gonz&#xE1;lez Di Pierro / Merleau-Ponty como fil&#xF3;sofo de la cultura, la sociedad y la historia / Josep Maria Bech  / El campo de la cultura: simbolismo y verdad a hacer / Graciela Ral&#xF3;n de Walton -- Corporalidad y filosof&#xED;a de la cultura desde Merleau-Ponty (Una reflexi&#xF3;n al hilo del poder) / Jos&#xE9; Mar&#xED;a Mu&#xF1;oz Terr&#xF3;n -- Fenomenolog&#xED;a y pol&#xED;tica en Merleau-Ponty (De la pol&#xED;tica como justificaci&#xF3;n de lo inmoral) / Rub&#xED; de Mar&#xED;a G&#xF3;mez Campos -- Merleau-Ponty en la reflexi&#xF3;n contempor&#xE1;nea acerca de las pol&#xED;ticas normativas del cuerpo (G. Canguilhem, S. de Beauvoir, M. Foucault, P. Bourdieu, J. Butler) / Esteban Garc&#xED;a -- A-filosof&#xED;a y cristianismo no-religioso: Merleau-Ponty, Bonhoeffer y la posibilidad de una filosof&#xED;a cristiana / Nicol&#xF2; Seggiaro  -- Rehabilitaci&#xF3;n de la memoria en la concepci&#xF3;n del tiempo de Merleau-Ponty / M.a Carmen L&#xF3;pez S&#xE1;enz  -- Intencionalidad y virtualidad / Mario Teodoro Ram&#xED;rez -- Acerca de las relaciones entre arte y realidad / Alejandra Bertucci  -- Merleau-Ponty o la experiencia corporal como hilo conductor de la relaci&#xF3;n entre la fenomenolog&#xED;a y la literatura / No&#xE9;mie Parant -- Hombre y animal: el problema antropol&#xF3;gico de Heidegger a Merleau-Ponty / Antonino Firenze  -- La tradici&#xF3;n filos&#xF3;fica de la nueva ontolog&#xED;a (La lectura merleaupontiana de Schelling en los cursos sobre la naturaleza) / Mariana Larison -- Merleau-Ponty y la presencia del sentido en la conciencia infantil / Alicia Pochel&#xFA; -- La felicidad en el mundo: una aproximaci&#xF3;n desde el pensamiento de Merleau-Ponty / Javier Camargo -Autores -- Maurice Merleau-Ponty. Nota biogr&#xE1;fica</subfield>
  </datafield>
  <datafield tag="600" ind1="1" ind2="0">
    <subfield code="a">Merleau-Ponty, Maurice,</subfield>
    <subfield code="d">1908-1961.</subfield>
  </datafield>
  <datafield tag="655" ind1=" " ind2="0">
    <subfield code="a">Electronic books.</subfield>
  </datafield>
  <datafield tag="791" ind1="2" ind2=" ">
    <subfield code="a">Digitalia (Firm),</subfield>
    <subfield code="e">distributor.</subfield>
  </datafield>
  <datafield tag="830" ind1=" " ind2="0">
    <subfield code="a">Autores, textos y temas.</subfield>
    <subfield code="p">Filosof&#xED;a ;</subfield>
    <subfield code="v">85.</subfield>
  </datafield>
  <datafield tag="793" ind1="0" ind2=" ">
    <subfield code="g">Digitalia eBook Collection:</subfield>
    <subfield code="a">Anthropos</subfield>
  </datafield>
  <datafield tag="856" ind1="4" ind2="0">
    <subfield code="3">Digitalia Hisp&#xE1;nica</subfield>
    <subfield code="u">https://www.digitaliapublishing.com/a/15700/</subfield>
  </datafield>
  <datafield tag="910" ind1=" " ind2=" ">
    <subfield code="a">Premium Collection: 2007-2012</subfield>
  </datafield>
  <datafield tag="942" ind1=" " ind2=" ">
    <subfield code="c">RAA</subfield>
  </datafield>
  <datafield tag="952" ind1=" " ind2=" ">
    <subfield code="0">0</subfield>
    <subfield code="1">0</subfield>
    <subfield code="4">0</subfield>
    <subfield code="7">0</subfield>
    <subfield code="8">DEH</subfield>
    <subfield code="a">BD-UIN</subfield>
    <subfield code="b">BD-UIN</subfield>
    <subfield code="d">2025-04-25</subfield>
    <subfield code="l">0</subfield>
    <subfield code="r">2025-04-25</subfield>
    <subfield code="w">2025-04-25</subfield>
    <subfield code="y">RAA</subfield>
  </datafield>
  <datafield tag="999" ind1=" " ind2=" ">
    <subfield code="c">234375</subfield>
    <subfield code="d">234375</subfield>
  </datafield>
</record>
